01153cam a22003135a 450000100090000000300090000900500170001800800410003502000240007602000210010004000750012108200270019610000430022324500480026625000190031426400380033330000430037133600260041433700280044033800270046850400510049565000300054665100100057665300340058665500240062094200310064499900170067595201470069215876752EG-ScBUE20211115121205.0090821s2010 nyua f b 001 0 eng d a9780415992015 (pbk) a041599201X (pbk) aDLCbengerdacDLCdYDXdYDXCPdBWXdCDXdMNWdEG-ScBUEdDLCdEG-ScBUE04a808.002854678bCAR2221 aCarroll, Brian,d1965-eauthor.93852010aWriting for digital media /cBrian Carroll. aFirst edition. 7aNew York, NY :bRoutledge,c2010. ax, 313 pages :billustrations ;c26 cm 2rdacontentatextbtxt 2rdamediaaunmediatedbn 2rdacarrieravolumebnc aIncludes bibliographical references and index. 7aOnline authorship.2BUEsh 2BUEsh bCOMAMEcJune2015cOctober2015 vReading book934232 2ddck808.002854678 CARcBB c19668d19640 00102ddc40708AlahramaMAINbMAINc2NDd2015-06-15ePurchaseg350.00h315l0o808.002854678 CARp000038598r2025-07-15 00:00:00v437.50yBB